[Event "New Zealand Championship 2023"]
[Site "Wellington"]
[Date "2023.01.09"]
[Round "8.5"]
[White "Smith, Robert W"]
[Black "Zhang, Jasmine Haomo"]
[Result "1/2-1/2"]
[WhiteElo "2283"]
[BlackElo "2117"]

1. e4 {[%clk 01:30:58]} 1... c5 {[%clk 01:30:54] [%emt 00:00:08]} 2. c3 {[%clk
01:31:21] [%emt 00:00:06]} 2... g6 {[%clk 01:31:16] [%emt 00:00:08]} 3. d4
{[%clk 01:31:46] [%emt 00:00:05]} 3... cxd4 {[%clk 01:31:42] [%emt 00:00:04]}
4. cxd4 {[%clk 01:32:08] [%emt 00:00:08]} 4... d5 {[%clk 01:32:07] [%emt
00:00:05]} 5. exd5 {[%clk 01:31:53] [%emt 00:00:45]} 5... Nf6 {[%clk 01:32:19]
[%emt 00:00:18]} 6. Bb5+ {[%clk 01:32:10] [%emt 00:00:12]} 6... Nbd7 {[%clk
01:31:46] [%emt 00:01:04]} 7. Nc3 {[%clk 01:32:34] [%emt 00:00:06]} 7... a6
{[%clk 01:28:51] [%emt 00:03:25]} 8. Bxd7+ {[%clk 01:27:31] [%emt 00:05:33]}
8... Qxd7 {[%clk 01:27:44] [%emt 00:01:37]} 9. Qf3 {[%clk 01:26:13] [%emt
00:01:47]} 9... b5 {[%clk 01:27:11] [%emt 00:01:04]} 10. Bg5 {[%clk 01:25:57]
[%emt 00:00:45]} 10... Bg7 {[%clk 01:25:53] [%emt 00:01:49]} 11. Nge2 {[%clk
01:17:31] [%emt 00:08:55]} 11... Bb7 {[%clk 01:24:33] [%emt 00:01:51]} 12. Nf4
{[%clk 01:14:38] [%emt 00:03:23]} 12... b4 {[%clk 01:13:58] [%emt 00:11:06]}
13. Bxf6 {[%clk 01:13:37] [%emt 00:01:34]} 13... Bxf6 {[%clk 01:14:14] [%emt
00:00:09]} 14. Nce2 {[%clk 01:13:58] [%emt 00:00:10]} 14... O-O {[%clk
01:11:04] [%emt 00:03:40]} 15. a3 {[%clk 00:56:58] [%emt 00:17:30]} 15... a5
{[%clk 01:05:02] [%emt 00:06:32]} 16. axb4 {[%clk 00:54:15] [%emt 00:03:14]}
16... axb4 {[%clk 01:05:21] [%emt 00:00:10]} 17. Rxa8 {[%clk 00:54:42] [%emt
00:00:04]} 17... Bxa8 {[%clk 01:01:22] [%emt 00:04:27]} 18. O-O {[%clk
00:54:32] [%emt 00:00:41]} 18... Qd6 {[%clk 01:00:30] [%emt 00:01:21]} 19. Qb3
{[%clk 00:44:42] [%emt 00:10:20]} 19... Bg7 {[%clk 00:47:45] [%emt 00:13:15]}
20. Rc1 {[%clk 00:33:15] [%emt 00:11:57]} 20... Rb8 {[%clk 00:42:12] [%emt
00:06:04]} 21. h3 {[%clk 00:19:52] [%emt 00:13:53]} 21... g5 {[%clk 00:38:04]
[%emt 00:04:38]} 22. Nh5 {[%clk 00:20:00] [%emt 00:00:21]} 22... Bxd5 {[%clk
00:37:47] [%emt 00:00:48]} 23. Qg3 {[%clk 00:20:11] [%emt 00:00:18]} 23... Qxg3
{[%clk 00:37:48] [%emt 00:00:31]} 24. Nexg3 {[%clk 00:10:26] [%emt 00:10:14]}
24... e6 {[%clk 00:37:28] [%emt 00:00:50]} 25. Nxg7 {[%clk 00:10:48] [%emt
00:00:07]} 25... Kxg7 {[%clk 00:37:55] [%emt 00:00:04]} 26. Nf1 {[%clk
00:09:24] [%emt 00:01:54]} 26... b3 {[%clk 00:35:18] [%emt 00:03:07]} 27. Ne3
{[%clk 00:09:45] [%emt 00:00:08]} 27... Rb4 {[%clk 00:34:03] [%emt 00:01:45]}
28. Nxd5 {[%clk 00:09:28] [%emt 00:00:48]} 28... exd5 {[%clk 00:34:29] [%emt
00:00:04]} 29. Rd1 {[%clk 00:08:33] [%emt 00:01:26]} 29... h5 {[%clk 00:34:28]
[%emt 00:00:31]} 30. f3 {[%clk 00:08:14] [%emt 00:00:49]} 30... Kf6 {[%clk
00:31:57] [%emt 00:03:01]} 31. Kf2 {[%clk 00:07:33] [%emt 00:01:11]} 31... h4
{[%clk 00:30:12] [%emt 00:02:15]} 32. Ke3 {[%clk 00:07:45] [%emt 00:00:18]}
32... Kf5 {[%clk 00:29:52] [%emt 00:00:49]} 33. Rd3 {[%clk 00:07:52] [%emt
00:00:24]} 33... Ke6 {[%clk 00:23:16] [%emt 00:07:07]} 34. f4 {[%clk 00:07:34]
[%emt 00:00:47]} 34... f6 {[%clk 00:22:06] [%emt 00:01:40]} 35. fxg5 {[%clk
00:07:44] [%emt 00:00:20]} 35... fxg5 {[%clk 00:22:31] [%emt 00:00:05]} 36. Rc3
{[%clk 00:07:21] [%emt 00:00:53]} 36... Rb6 {[%clk 00:21:42] [%emt 00:01:19]}
37. Rc8 {[%clk 00:05:10] [%emt 00:02:40]} 37... Rb4 {[%clk 00:18:50] [%emt
00:03:23]} 38. Re8+ {[%clk 00:04:25] [%emt 00:01:14]} 38... Kf6 {[%clk
00:18:45] [%emt 00:00:35]} 39. Rf8+ {[%clk 00:03:16] [%emt 00:01:39]} 39... Ke6
{[%clk 00:18:56] [%emt 00:00:19]} 40. Re8+ {[%clk 00:32:17] [%emt 00:01:30]}
40... Kf6 {[%clk 00:49:20] [%emt 00:00:06]} 41. Rc8 {[%clk 00:21:47] [%emt
00:11:00]} 41... Rc4 {[%clk 00:45:27] [%emt 00:04:22]} 42. Rc5 {[%clk 00:22:11]
[%emt 00:00:06]} 42... Ke6 {[%clk 00:40:55] [%emt 00:05:03]} 43. Kd3 {[%clk
00:21:29] [%emt 00:01:11]} 43... Rb4 {[%clk 00:40:42] [%emt 00:00:43]} 44. Kc3
{[%clk 00:20:44] [%emt 00:01:16]} 44... Rb8 {[%clk 00:35:49] [%emt 00:05:23]}
45. Rc7 {[%clk 00:20:30] [%emt 00:00:43]} 45... Kf5 {[%clk 00:33:42] [%emt
00:02:38]} 46. Re7 {[%clk 00:20:35] [%emt 00:00:23]} 46... Kf4 {[%clk 00:32:30]
[%emt 00:01:44]} 47. Re5 {[%clk 00:20:55] [%emt 00:00:10]} 47... Rb5 {[%clk
00:32:51] [%emt 00:00:10]} 48. Kd3 {[%clk 00:20:11] [%emt 00:01:13]} 48... Ra5
{[%clk 00:31:17] [%emt 00:02:04]} 49. Re3 {[%clk 00:20:19] [%emt 00:00:21]}
49... g4 {[%clk 00:30:58] [%emt 00:00:50]} 50. hxg4 {[%clk 00:20:15] [%emt
00:00:34]} 50... Kxg4 {[%clk 00:31:23] [%emt 00:00:06]} 51. Ke2 {[%clk
00:17:13] [%emt 00:03:31]} 51... Rb5 {[%clk 00:28:45] [%emt 00:03:09]} 52. Re5
{[%clk 00:16:59] [%emt 00:00:43]} 52... Ra5 {[%clk 00:28:58] [%emt 00:00:17]}
53. Re3 {[%clk 00:15:48] [%emt 00:01:42]} 53... Rb5 {[%clk 00:29:19] [%emt
00:00:09]} 54. Re8 {[%clk 00:09:05] [%emt 00:07:13]} 54... Rb4 {[%clk 00:24:42]
[%emt 00:05:08]} 55. Ke3 {[%clk 00:09:29] [%emt 00:00:05]} 55... Rc4 {[%clk
00:24:19] [%emt 00:00:53]} 56. Rg8+ {[%clk 00:09:54] [%emt 00:00:06]} 56... Kf5
{[%clk 00:24:34] [%emt 00:00:14]} 57. Rf8+ {[%clk 00:07:12] [%emt 00:03:13]}
57... Kg4 {[%clk 00:24:01] [%emt 00:01:03]} 58. Rg8+ {[%clk 00:07:35] [%emt
00:00:07]} 58... Kf5 {[%clk 00:24:27] [%emt 00:00:05]} 59. Rf8+ {[%clk
00:07:06] [%emt 00:00:59]} 59... Kg4 {[%clk 00:24:35] [%emt 00:00:27]} 60. Rg8+
{[%clk 00:07:28] [%emt 00:00:02]} 1/2-1/2

[Event "New Zealand Championship 2023"]
[Site "Wellington"]
[Date "2023.01.09"]
[Round "8.6"]
[White "Braganza, Nadia"]
[Black "Van Riemsdijk, Herman C."]
[Result "0-1"]
[WhiteElo "1838"]
[BlackElo "2265"]

1. c4 {[%clk 01:30:54] [%emt 00:00:05]} 1... e6 {[%clk 01:30:47] [%emt
00:00:13]} 2. g3 {[%clk 01:31:07] [%emt 00:00:18]} 2... d5 {[%clk 01:31:09]
[%emt 00:00:07]} 3. Bg2 {[%clk 01:31:26] [%emt 00:00:11]} 3... Nf6 {[%clk
01:31:31] [%emt 00:00:08]} 4. Nf3 {[%clk 01:31:51] [%emt 00:00:05]} 4... Be7
{[%clk 01:31:52] [%emt 00:00:10]} 5. O-O {[%clk 01:32:12] [%emt 00:00:09]} 5...
O-O {[%clk 01:32:05] [%emt 00:00:16]} 6. b3 {[%clk 01:32:15] [%emt 00:00:27]}
6... d4 {[%clk 01:31:00] [%emt 00:01:35]} 7. Bb2 {[%clk 01:28:02] [%emt
00:04:44]} 7... Nc6 {[%clk 01:30:50] [%emt 00:00:40]} 8. d3 {[%clk 01:24:28]
[%emt 00:04:04]} 8... Bc5 {[%clk 01:30:18] [%emt 00:01:00]} 9. Nbd2 {[%clk
01:23:44] [%emt 00:01:15]} 9... h6 {[%clk 01:30:23] [%emt 00:00:24]} 10. a3
{[%clk 01:16:08] [%emt 00:08:07]} 10... a5 {[%clk 01:29:11] [%emt 00:01:42]}
11. Re1 {[%clk 01:16:08] [%emt 00:00:30]} 11... e5 {[%clk 01:29:20] [%emt
00:00:21]} 12. Nh4 {[%clk 01:14:35] [%emt 00:02:03]} 12... g5 {[%clk 01:25:24]
[%emt 00:04:26]} 13. Nhf3 {[%clk 01:14:47] [%emt 00:00:18]} 13... Bf5 {[%clk
01:25:40] [%emt 00:00:13]} 14. h3 {[%clk 01:11:15] [%emt 00:04:03]} 14... Qd7
{[%clk 01:25:11] [%emt 00:00:58]} 15. g4 {[%clk 01:09:46] [%emt 00:01:59]}
15... Bg6 {[%clk 01:23:27] [%emt 00:02:13]} 16. Nf1 {[%clk 00:49:33] [%emt
00:20:44]} 16... Ne8 {[%clk 01:15:10] [%emt 00:08:47]} 17. e3 {[%clk 00:43:25]
[%emt 00:06:39]} 17... Ng7 {[%clk 01:08:44] [%emt 00:06:55]} 18. exd4 {[%clk
00:39:45] [%emt 00:04:11]} 18... exd4 {[%clk 01:08:18] [%emt 00:00:55]} 19. Ne5
{[%clk 00:34:08] [%emt 00:06:08]} 19... Nxe5 20. Rxe5 {[%clk 00:34:33]} 20...
Bd6 {[%clk 01:06:41] [%emt 00:01:41]} 21. Re1 {[%clk 00:32:34] [%emt 00:02:30]}
21... Ne6 {[%clk 01:01:35] [%emt 00:05:36]} 22. Be4 {[%clk 00:23:10] [%emt
00:09:54]} 22... Nf4 {[%clk 01:01:41] [%emt 00:00:24]} 23. Qf3 {[%clk 00:22:48]
[%emt 00:00:53]} 23... f5 {[%clk 01:00:55] [%emt 00:01:16]} 24. Bd5+ {[%clk
00:22:43] [%emt 00:00:35]} 24... Kh7 {[%clk 01:01:08] [%emt 00:00:17]} 25. gxf5
{[%clk 00:07:50] [%emt 00:15:23]} 25... Qxf5 {[%clk 01:01:29] [%emt 00:00:09]}
26. Kh1 {[%clk 00:06:30] [%emt 00:01:50]} 26... Nxd3 {[%clk 01:00:54] [%emt
00:01:04]} 27. Qxf5 {[%clk 00:06:39] [%emt 00:00:21]} 27... Bxf5 {[%clk
00:56:04] [%emt 00:05:19]} 28. Re2 {[%clk 00:06:34] [%emt 00:00:36]} 28... Nxb2
{[%clk 00:55:39] [%emt 00:00:55]} 29. Rxb2 {[%clk 00:06:58] [%emt 00:00:07]}
29... Bxh3 {[%clk 00:49:18] [%emt 00:06:51]} 30. Bxb7 {[%clk 00:06:53] [%emt
00:00:36]} 30... Rab8 {[%clk 00:49:37] [%emt 00:00:11]} 31. Bd5 {[%clk
00:03:48] [%emt 00:03:35]} 31... Bg4 {[%clk 00:48:20] [%emt 00:01:46]} 32. Kg2
{[%clk 00:03:28] [%emt 00:00:51]} 32... h5 {[%clk 00:48:06] [%emt 00:00:43]}
33. f3 {[%clk 00:03:43] [%emt 00:00:15]} 33... Bd7 {[%clk 00:47:18] [%emt
00:01:18]} 34. Rd2 {[%clk 00:02:42] [%emt 00:01:31]} 34... Bf5 {[%clk 00:45:47]
[%emt 00:02:01]} 35. Ng3 {[%clk 00:01:35] [%emt 00:01:37]} 35... Bxg3 {[%clk
00:44:40] [%emt 00:01:37]} 36. Kxg3 {[%clk 00:02:01] [%emt 00:00:04]} 36... c5
{[%clk 00:45:00] [%emt 00:00:10]} 37. b4 {[%clk 00:01:28] [%emt 00:01:03]}
37... axb4 {[%clk 00:41:35] [%emt 00:03:55]} 38. axb4 {[%clk 00:01:50] [%emt
00:00:08]} 38... cxb4 {[%clk 00:41:26] [%emt 00:00:39]} 39. Ra7+ {[%clk
00:02:07] [%emt 00:00:13]} 39... Kg6 {[%clk 01:11:09] [%emt 00:02:11]} 40. c5
Rb5 {[%clk 01:10:59] [%emt 00:06:57]} 41. Rxd4 b3 {[%clk 01:07:14] [%emt
00:01:01]} 42. Bc4 h4+ {[%clk 01:01:15] [%emt 00:04:49]} 43. Kh2 b2 {[%emt
00:07:08]} 44. Rd6+ {[%emt 00:00:26]} 44... Kh5 {[%clk 01:01:31] [%emt
00:00:06]} 45. Raa6 {[%clk 00:09:18] [%emt 00:16:06]} 45... g4 {[%clk 01:01:49]
[%emt 00:00:11]} 46. f4 {[%clk 00:07:48] [%emt 00:02:01]} 46... g3+ {[%clk
01:02:12] [%emt 00:00:07]} 47. Kg2 {[%clk 00:08:13] [%emt 00:00:05]} 47... Kg4
{[%emt 00:02:49]} 48. Be2+ {[%clk 00:05:39] [%emt 00:00:24]} 48... Kxf4 {[%clk
01:02:54] [%emt 00:00:09]} 49. Ra4+ {[%clk 00:03:04] [%emt 00:03:05]} 49... Kg5
{[%clk 01:01:59] [%emt 00:01:26]} 0-1

[Event "New Zealand Championship 2023"]
[Site "Wellington"]
[Date "2023.01.09"]
[Round "8.7"]
[White "Yu, Zachary"]
[Black "Winter, Ryan"]
[Result "0-1"]
[WhiteElo "1885"]
[BlackElo "2209"]

1. d4 {[%emt 00:00:31]} 1... Nf6 {[%clk 01:30:29]} 2. c4 {[%clk 01:31:25] [%emt
00:00:05]} 2... e6 {[%clk 01:30:54] [%emt 00:00:05]} 3. Nf3 {[%clk 01:31:52]
[%emt 00:00:03]} 3... d5 {[%clk 01:31:09] [%emt 00:00:15]} 4. Nc3 {[%clk
01:32:17] [%emt 00:00:05]} 4... Bb4 {[%clk 01:30:57] [%emt 00:00:42]} 5. cxd5
{[%clk 01:32:38] [%emt 00:00:10]} 5... exd5 {[%clk 01:31:22] [%emt 00:00:05]}
6. Bg5 {[%clk 01:32:58] [%emt 00:00:10]} 6... Qd6 {[%clk 01:31:14] [%emt
00:00:38]} 7. Nd2 {[%clk 01:33:19] [%emt 00:00:09]} 7... O-O {[%clk 01:20:28]
[%emt 00:11:16]} 8. e3 {[%clk 01:33:27] [%emt 00:00:22]} 8... c6 {[%clk
01:19:30] [%emt 00:01:28]} 9. Bd3 {[%clk 01:32:59] [%emt 00:00:57]} 9... h6
{[%clk 01:18:35] [%emt 00:01:26]} 10. Bf4 {[%clk 01:31:50] [%emt 00:01:39]}
10... Qe7 {[%clk 01:17:11] [%emt 00:01:54]} 11. O-O {[%clk 01:30:52] [%emt
00:01:28]} 11... Bd6 {[%clk 01:16:15] [%emt 00:01:27]} 12. Bxd6 {[%clk
01:27:59] [%emt 00:03:23]} 12... Qxd6 {[%clk 01:16:43] [%emt 00:00:02]} 13. Re1
{[%clk 01:27:52] [%emt 00:00:37]} 13... Nbd7 {[%clk 01:11:36] [%emt 00:05:37]}
14. Nb3 {[%clk 01:24:13] [%emt 00:04:09]} 14... Re8 {[%clk 01:08:56] [%emt
00:03:10]} 15. f3 {[%clk 01:22:39] [%emt 00:02:04]} 15... c5 {[%clk 01:05:10]
[%emt 00:04:15]} 16. Nb5 {[%clk 01:19:58] [%emt 00:03:12]} 16... Qb6 {[%clk
01:05:18] [%emt 00:00:22]} 17. dxc5 {[%clk 01:18:25] [%emt 00:02:03]} 17...
Nxc5 {[%clk 01:05:34] [%emt 00:00:14]} 18. Nxc5 {[%clk 01:18:07] [%emt
00:00:48]} 18... Qxc5 {[%clk 01:06:00] [%emt 00:00:04]} 19. Rc1 {[%clk
01:18:09] [%emt 00:00:29]} 19... Qb6 {[%clk 01:06:24] [%emt 00:00:05]} 20. Qd2
{[%clk 01:18:01] [%emt 00:00:38]} 20... Re7 {[%clk 01:05:24] [%emt 00:01:30]}
21. a4 {[%clk 01:15:31] [%emt 00:03:01]} 21... a5 {[%clk 00:57:32] [%emt
00:08:22]} 22. Kh1 {[%clk 01:15:25] [%emt 00:00:35]} 22... Bd7 {[%clk 00:56:21]
[%emt 00:01:41]} 23. b3 {[%clk 00:55:05] [%emt 00:20:50]} 23... Rae8 {[%clk
00:45:06] [%emt 00:11:45]} 24. Nd4 {[%clk 00:55:14] [%emt 00:00:22]} 24... g6
{[%clk 00:39:19] [%emt 00:06:17]} 25. Bb1 {[%clk 00:41:28] [%emt 00:14:15]}
25... Qd6 {[%clk 00:25:26] [%emt 00:14:23]} 26. Re2 {[%clk 00:25:55] [%emt
00:16:03]} 26... b6 {[%clk 00:18:41] [%emt 00:07:15]} 27. Rc3 {[%clk 00:22:13]
[%emt 00:04:13]} 27... Qb4 {[%clk 00:15:46] [%emt 00:03:25]} 28. Bd3 {[%clk
00:19:41] [%emt 00:03:01]} 28... Kg7 {[%clk 00:12:28] [%emt 00:03:47]} 29. Kg1
{[%clk 00:14:11] [%emt 00:06:01]} 29... h5 {[%clk 00:11:22] [%emt 00:01:37]}
30. Kh1 {[%clk 00:09:42] [%emt 00:04:59]} 30... h4 {[%clk 00:07:14] [%emt
00:04:37]} 31. Nc2 {[%clk 00:05:56] [%emt 00:04:16]} 31... Qd6 {[%clk 00:07:30]
[%emt 00:00:14]} 32. Nd4 {[%clk 00:05:19] [%emt 00:01:06]} 32... Rc8 {[%clk
00:04:35] [%emt 00:03:25]} 33. Rxc8 {[%clk 00:01:44] [%emt 00:04:05]} 33...
Bxc8 {[%clk 00:05:04] [%emt 00:00:01]} 34. Qe1 {[%clk 00:01:27] [%emt
00:00:47]} 34... Qc5 {[%clk 00:04:28] [%emt 00:01:06]} 35. Qxh4 {[%clk
00:01:17] [%emt 00:00:40]} 35... Qc3 {[%clk 00:04:39] [%emt 00:00:19]} 36. Bb1
{[%clk 00:00:58] [%emt 00:00:49]} 36... Rxe3 {[%clk 00:04:33] [%emt 00:00:36]}
37. Rxe3 {[%clk 00:01:09] [%emt 00:00:20]} 37... Qxe3 {[%emt 00:01:25]} 0-1

[Event "New Zealand Championship 2023"]
[Site "Wellington"]
[Date "2023.01.09"]
[Round "8.8"]
[White "Cilia Vincenti, David"]
[Black "Ning, Isabelle Yixuan"]
[Result "1-0"]
[WhiteElo "2136"]
[BlackElo "2109"]

1. d4 {[%clk 01:30:58] [%emt 00:00:01]} 1... Nf6 {[%clk 01:30:56] [%emt
00:00:05]} 2. Nf3 {[%clk 01:31:21] [%emt 00:00:06]} 2... g6 {[%clk 01:31:22]
[%emt 00:00:04]} 3. c4 {[%clk 01:31:43] [%emt 00:00:07]} 3... Bg7 {[%clk
01:31:49] [%emt 00:00:04]} 4. Nc3 {[%clk 01:32:02] [%emt 00:00:10]} 4... O-O
{[%clk 01:32:12] [%emt 00:00:07]} 5. Bg5 {[%clk 01:32:24] [%emt 00:00:07]} 5...
d6 {[%clk 01:31:57] [%emt 00:00:46]} 6. e3 {[%clk 01:32:37] [%emt 00:00:17]}
6... Nbd7 {[%clk 01:29:45] [%emt 00:02:42]} 7. Be2 {[%clk 01:32:30] [%emt
00:00:37]} 7... c6 {[%clk 01:27:34] [%emt 00:02:42]} 8. Qc2 {[%clk 01:32:39]
[%emt 00:00:20]} 8... a6 {[%clk 01:24:49] [%emt 00:03:16]} 9. O-O {[%clk
01:32:00] [%emt 00:01:08]} 9... b5 {[%clk 01:23:00] [%emt 00:02:19]} 10. h3
{[%clk 01:29:28] [%emt 00:03:01]} 10... Bb7 {[%clk 01:20:08] [%emt 00:03:23]}
11. Rad1 {[%clk 01:25:50] [%emt 00:04:07]} 11... Qa5 {[%clk 01:12:19] [%emt
00:08:18]} 12. Bh4 {[%clk 01:18:14] [%emt 00:08:07]} 12... bxc4 {[%clk
01:06:08] [%emt 00:06:40]} 13. Bxc4 {[%clk 01:18:02] [%emt 00:00:42]} 13... c5
{[%clk 01:03:53] [%emt 00:02:45]} 14. d5 {[%clk 01:11:27] [%emt 00:07:06]}
14... Nb6 {[%clk 01:00:21] [%emt 00:04:02]} 15. b3 {[%clk 01:10:53] [%emt
00:01:03]} 15... Qb4 {[%clk 00:50:04] [%emt 00:10:48]} 16. Qd3 {[%clk 01:06:02]
[%emt 00:05:20]} 16... Nfd7 {[%clk 00:43:42] [%emt 00:06:53]} 17. Rc1 {[%clk
00:55:24] [%emt 00:11:08]} 17... Rfe8 {[%clk 00:39:33] [%emt 00:04:38]} 18. e4
{[%clk 00:54:03] [%emt 00:01:52]} 18... Nxc4 {[%clk 00:30:16] [%emt 00:09:48]}
19. bxc4 {[%clk 00:50:05] [%emt 00:04:27]} 19... Rab8 {[%clk 00:29:46] [%emt
00:00:59]} 20. Rc2 {[%clk 00:42:19] [%emt 00:08:16]} 20... Qa5 {[%clk 00:21:36]
[%emt 00:08:40]} 21. Bg3 {[%clk 00:25:15] [%emt 00:17:34]} 21... Ba8 {[%clk
00:19:13] [%emt 00:02:54]} 22. Re1 {[%clk 00:25:07] [%emt 00:00:37]} 22... Bxc3
{[%clk 00:16:27] [%emt 00:03:16]} 23. Rxc3 {[%clk 00:18:11] [%emt 00:07:26]}
23... Qxa2 {[%clk 00:14:14] [%emt 00:02:43]} 24. Ra3 {[%clk 00:17:35] [%emt
00:01:06]} 24... Qb2 {[%clk 00:14:01] [%emt 00:00:43]} 25. e5 {[%clk 00:17:50]
[%emt 00:00:15]} 25... dxe5 {[%clk 00:11:46] [%emt 00:02:46]} 26. Nxe5 {[%clk
00:18:04] [%emt 00:00:15]} 26... Nxe5 {[%clk 00:11:42] [%emt 00:00:34]} 27.
Bxe5 {[%clk 00:17:45] [%emt 00:00:48]} 27... Qb4 {[%clk 00:12:05] [%emt
00:00:09]} 28. Rea1 {[%clk 00:17:21] [%emt 00:00:50]} 28... e6 {[%clk 00:05:56]
[%emt 00:06:41]} 29. Bxb8 {[%clk 00:16:41] [%emt 00:01:12]} 29... Qxb8 {[%clk
00:04:48] [%emt 00:01:38]} 30. Rxa6 {[%clk 00:16:05] [%emt 00:01:04]} 30... Bb7
{[%clk 00:04:53] [%emt 00:00:25]} 31. Rb6 {[%clk 00:15:10] [%emt 00:01:25]}
31... Qe5 {[%clk 00:02:29] [%emt 00:02:54]} 32. Rab1 {[%clk 00:14:13] [%emt
00:01:27]} 32... Ba8 {[%clk 00:02:40] [%emt 00:00:20]} 33. d6 {[%clk 00:12:16]
[%emt 00:02:26]} 33... Kg7 {[%clk 00:01:31] [%emt 00:01:38]} 34. Qg3 {[%clk
00:08:05] [%emt 00:04:39]} 34... Qxg3 {[%clk 00:00:48] [%emt 00:01:15]} 35.
fxg3 {[%clk 00:08:32] [%emt 00:00:03]} 35... Be4 {[%clk 00:00:40] [%emt
00:00:38]} 36. Rb8 {[%clk 00:08:07] [%emt 00:00:55]} 36... Rxb8 {[%clk
00:00:41] [%emt 00:00:29]} 37. Rxb8 {[%clk 00:08:33] [%emt 00:00:05]} 37... Bc6
{[%clk 00:01:06] [%emt 00:00:05]} 38. Rc8 {[%clk 00:07:47] [%emt 00:01:15]}
38... Ba4 {[%clk 00:01:08] [%emt 00:00:29]} 39. Rxc5 {[%clk 00:07:10] [%emt
00:01:07]} 39... Kf6 {[%clk 00:01:27] [%emt 00:00:11]} 40. Ra5 {[%clk 00:36:38]
[%emt 00:01:02]} 40... Bd7 {[%clk 00:30:41] [%emt 00:01:16]} 41. Ra7 {[%clk
00:35:37] [%emt 00:01:31]} 41... Bc6 {[%clk 00:30:56] [%emt 00:00:16]} 42. Rc7
{[%clk 00:35:53] [%emt 00:00:13]} 42... Ba4 {[%clk 00:31:18] [%emt 00:00:09]}
43. c5 {[%clk 00:36:13] [%emt 00:00:09]} 43... e5 {[%clk 00:31:26] [%emt
00:00:22]} 44. c6 {[%clk 00:36:00] [%emt 00:00:42]} 44... Ke6 {[%clk 00:31:25]
[%emt 00:00:31]} 45. d7 {[%clk 00:35:58] [%emt 00:00:32]} 45... Ke7 {[%clk
00:31:45] [%emt 00:00:11]} 46. Rc8 {[%clk 00:36:18] [%emt 00:00:17]} 1-0